000 00684nam a2200241Ia 4500
003 OSt
005 20220927112355.0
006 a|||||r|||| 00| 0
007 ta
008 220926b |||||||| |||| 00| 0 eng d
024 _a151642
037 _cReports
040 _aRTL
_cRTL
_beng
041 _2eng
_aeng
082 _a"X428.2,w,ESC, J9/GD/EC"
110 _a"India, Lok Sabha"
245 0 _aEstimates committee 1958 - 59 thirty eight report (Second lok sabha)
260 _aNew
_bDelhi Lok sabha secretariot
_c1958
300 _a117p
_ccm.
700 _a"India, Lok Sabha"
942 _h"X428.2,w,ESC, J9/GD/EC"
_cCC
999 _c700175
_d700175